000 00703nam a22002057a 4500
003 OSt
005 20220915164141.0
008 220915b |||||||| |||| 00| 0 eng d
040 _cBiblioteca Lado V
082 _a708.46
_bB139c
100 _aBaena, Fernando
245 _aComa/
260 _aEspaña
_bDirección general de archivos, museos y bibliotecas de la consejería de cultura de la comunidad de Madrid
_c2001
300 _a88p.
_c23x24cm
650 _2Tesauro de Arte & Arquitectura
_aARTE DANES
650 _2Tesauro de Arte & Arquitectura
_aCOMPILADO
650 _2Tesauro de Arte & Arquitectura
_aARTE
700 _aKoch, Eva
942 _2ddc
_c1
_h708.46
_iB139c
_n0
999 _c2036
_d2036